[Event "Blackmar-Diemer Gambit Thematic #3"]
[Site "SchemingMind.com"]
[Date "2018.07.27"]
[Round "-"]
[White "Marc Wakeham"]
[Black "flyinduck"]
[Result "0-1"]
[WhiteCountry "WLS"]
[BlackCountry "CAN"]
[WhiteElo "1633"]
[WhiteRD "80"]
[BlackElo "2024"]
[BlackRD "53"]
[GameID "430707"]

1. d4 d5 2. Nc3 Nf6 3. e4 dxe4 4. f3 e3 5. Bxe3 g6 6. Qd2 Bg7 7. O-O-O O-O 8. Bc4 Nc6 9. Nge2 a6 10. Ne4 b5
11. Bb3 a5 12. a3 Re8 13. Ng5 Nd5 14. Bxd5 Qxd5 15. Nc3 Qd7 16. Nxb5 Ba6 17. Nc3 Red8 18. h4 Nxd4 19. h5 Qe8 20. Bxd4 Rxd4
21. Qe3 Rad8 22. hxg6 hxg6 23. Rxd4 Bxd4 24. Qe1 Qf8 25. Qh4 Qg7 26. Nd1 Bf6 27. c3 Rd5 28. f4 Bd3 29. Ne3 Rc5 30. Qh7+ Qxh7
31. Nxh7 Bg7 32. Ng5 e5 33. Nh3 Ba6 34. Ng4 e4 35. Ne3 f5 36. Ng5 Rc6 37. Kd2 Rd6+ 38. Kc2 Bd3+ 39. Kc1 Bf6 40. g3 Be2
41. Re1 Bd3 42. Kd2 a4 43. g4 Bxg5 44. gxf5 Bxf4
0-1

[Event "Blackmar-Diemer Gambit Thematic #3"]
[Site "SchemingMind.com"]
[Date "2018.07.27"]
[Round "-"]
[White "flyinduck"]
[Black "Marc Wakeham"]
[Result "1-0"]
[WhiteCountry "CAN"]
[BlackCountry "WLS"]
[WhiteElo "2084"]
[WhiteRD "62"]
[BlackElo "1673"]
[BlackRD "85"]
[GameID "430708"]

1. d4 d5 2. Nc3 Nf6 3. e4 dxe4 4. f3 exf3 5. Nxf3 Bg4 6. h3 Bh5 7. g4 Bg6 8. Ne5 Be4 9. Bc4 e6 10. Nxe4 Nxe4
11. O-O Qh4 12. Qf3 f6 13. Qxe4 fxe5 14. Qxe5 Be7 15. Kg2 Rg8 16. Qxe6 Rf8 17. Rxf8+ Kxf8 18. Qf7#
1-0

[Event "Blackmar-Diemer Gambit Thematic #3"]
[Site "SchemingMind.com"]
[Date "2018.08.08"]
[Round "-"]
[White "Marc Wakeham"]
[Black "private napoleon"]
[Result "0-1"]
[WhiteCountry "WLS"]
[BlackCountry "ENG"]
[WhiteElo "1597"]
[WhiteRD "78"]
[BlackElo "1751"]
[BlackRD "83"]
[GameID "431177"]

1. d4 d5 2. Nc3 Nf6 3. e4 dxe4 4. f3 exf3 5. Nxf3 e6 6. Bg5 Be7 7. Qd2 O-O 8. O-O-O Nbd7 9. d5 Nxd5 10. Nxd5 exd5
11. Bxe7 Qxe7 12. Bd3 Nf6 13. Rde1 Qd6 14. h3 Be6 15. Kb1 c5 16. Ne5 Rfd8 17. g4 c4 18. Bf1 b5 19. Bg2 b4 20. Nf3 Rac8
21. Nd4 c3 22. Qe2 Re8 23. b3 Qb6 24. Qd1 Rc5 25. Nxe6 fxe6 26. Ka1 Ra5 27. Qb1 d4 28. Rd1 e5 29. Rd3 e4 30. Rdd1 d3
31. cxd3 Qf2 32. Rhg1 c2
0-1

[Event "Blackmar-Diemer Gambit Thematic #3"]
[Site "SchemingMind.com"]
[Date "2018.08.08"]
[Round "-"]
[White "private napoleon"]
[Black "Marc Wakeham"]
[Result "1/2-1/2"]
[WhiteCountry "ENG"]
[BlackCountry "WLS"]
[WhiteElo "1777"]
[WhiteRD "95"]
[BlackElo "1633"]
[BlackRD "80"]
[GameID "431178"]

1. d4 d5 2. Nc3 Nf6 3. e4 dxe4 4. f3 exf3 5. Nxf3 Bg4 6. h3 Bh5 7. g4 Bg6 8. Ne5 Be4 9. Bc4 e6 10. Nxe4 Nxe4
11. Qf3 Qh4+ 12. Kf1 Ng3+ 13. Kg2 Nxh1 14. Qxb7 Bd6 15. Qxa8 c6 16. Kxh1 Qxh3+ 17. Kg1 Qg3+ 18. Kh1 Qe1+ 19. Kg2 O-O 20. Qxa7 Qe4+
21. Kf1 Qh1+ 22. Kf2 Qh2+ 23. Kf1 Qh1+ 24. Kf2 Qh2+ 25. Kf1 Qh1+=
1/2-1/2

[Event "Blackmar-Diemer Gambit Thematic #3"]
[Site "SchemingMind.com"]
[Date "2018.08.13"]
[Round "-"]
[White "private napoleon"]
[Black "flyinduck"]
[Result "0-1"]
[WhiteCountry "ENG"]
[BlackCountry "CAN"]
[WhiteElo "1751"]
[WhiteRD "83"]
[BlackElo "2023"]
[BlackRD "52"]
[GameID "431179"]

1. d4 d5 2. Nc3 Nf6 3. e4 dxe4 4. f3 e3 5. Bxe3 g6 6. Bc4 Bg7 7. Nge2 O-O 8. O-O c6 9. Qd2 Re8 10. Bh6 Bh8
11. Rae1 b5 12. Bb3 a5 13. a4 Ba6 14. axb5 cxb5 15. Ne4 Nbd7 16. Ng5 e6 17. d5 Nxd5 18. Bxd5 exd5 19. Qxd5 Ne5 20. Qa2 b4
21. f4 Bc4 22. b3 Bxe2 23. Rxe2 Ng4 24. Rxe8+ Qxe8 25. h3 Nxh6
0-1

[Event "Blackmar-Diemer Gambit Thematic #3"]
[Site "SchemingMind.com"]
[Date "2018.08.13"]
[Round "-"]
[White "flyinduck"]
[Black "private napoleon"]
[Result "1-0"]
[WhiteCountry "CAN"]
[BlackCountry "ENG"]
[WhiteElo "2023"]
[WhiteRD "52"]
[BlackElo "1751"]
[BlackRD "83"]
[GameID "431180"]

1. d4 d5 2. Nc3 Nf6 3. e4 dxe4 4. f3 exf3 5. Nxf3 e6 6. Bg5 Be7 7. Qd2 O-O 8. O-O-O Nbd7 9. h4 b6 10. Bd3 Bb7
11. h5 c5 12. h6 g6 13. Bb5 a6 14. Bxd7 Qxd7 15. dxc5 Qxd2+ 16. Rxd2 bxc5 17. Ne5 Rad8 18. Rhd1 Rxd2 19. Rxd2 Rd8 20. Rf2 Nd5
21. Bxe7 Nxe7 22. Rxf7
1-0

[Event "Blackmar-Diemer Gambit Thematic #3"]
[Site "SchemingMind.com"]
[Date "2018.08.15"]
[Round "-"]
[White "Marc Wakeham"]
[Black "Johnny Owens"]
[Result "0-1"]
[WhiteCountry "WLS"]
[BlackCountry "USA"]
[WhiteElo "1597"]
[WhiteRD "78"]
[BlackElo "2311"]
[BlackRD "65"]
[GameID "431419"]

1. d4 d5 2. Nc3 Nf6 3. e4 dxe4 4. f3 exf3 5. Nxf3 Bg4 6. h3 Bxf3 7. Qxf3 c6 8. Be3 e6 9. O-O-O Bb4 10. Ne4 Nxe4
11. Qxe4 Qd5 12. Qxd5 cxd5 13. Bb5+ Nc6 14. g4 Bd6 15. Rdf1 a6 16. Bxc6+ bxc6 17. Rf3 f6 18. Rhf1 Kd7 19. Bf4 e5 20. dxe5 fxe5
21. Bg3 Ke6 22. R3f2 Raf8 23. Kd2 Rxf2+ 24. Rxf2 h5 25. gxh5 Rxh5 26. h4 Be7 27. b3 Bxh4 28. Bxh4 Rxh4 29. a3 g5 30. c3 g4
31. Rg2 Kf5 32. Ke3 Rh3+ 33. Kd2 e4 34. Rf2+ Rf3 35. Rg2 Rd3+ 36. Kc2 g3 37. a4 Kg4 38. b4 Kh3
0-1

[Event "Blackmar-Diemer Gambit Thematic #3"]
[Site "SchemingMind.com"]
[Date "2018.08.15"]
[Round "-"]
[White "Johnny Owens"]
[Black "Marc Wakeham"]
[Result "1-0"]
[WhiteCountry "USA"]
[BlackCountry "WLS"]
[WhiteElo "2252"]
[WhiteRD "63"]
[BlackElo "1673"]
[BlackRD "85"]
[GameID "431420"]

1. d4 d5 2. Nc3 Nf6 3. e4 dxe4 4. f3 exf3 5. Nxf3 Bg4 6. h3 Bh5 7. g4 Bg6 8. Ne5 Nbd7 9. Qf3 Nxe5 10. dxe5 Ng8
11. Bb5+ c6 12. Bxc6+ bxc6 13. Qxc6+ Qd7 14. Qxa8+
1-0

[Event "Blackmar-Diemer Gambit Thematic #3"]
[Site "SchemingMind.com"]
[Date "2018.08.16"]
[Round "-"]
[White "private napoleon"]
[Black "Johnny Owens"]
[Result "0-1"]
[WhiteCountry "ENG"]
[BlackCountry "USA"]
[WhiteElo "1751"]
[WhiteRD "83"]
[BlackElo "2311"]
[BlackRD "65"]
[GameID "431421"]

1. d4 d5 2. Nc3 Nf6 3. e4 dxe4 4. f3 exf3 5. Nxf3 Bg4 6. h3 Bxf3 7. Qxf3 c6 8. Be3 e6 9. Bd3 Nbd7 10. O-O Be7
11. Rae1 O-O 12. g4 Nb6 13. g5 Nfd5 14. h4 Nb4 15. Qg4 Nxd3 16. cxd3 Nd5 17. Ne4 Nxe3 18. Rxe3 Qxd4 19. Re1 Qxb2 20. Nf6+ Bxf6
21. gxf6 Qxf6
0-1

[Event "Blackmar-Diemer Gambit Thematic #3"]
[Site "SchemingMind.com"]
[Date "2018.08.15"]
[Round "-"]
[White "Johnny Owens"]
[Black "private napoleon"]
[Result "1-0"]
[WhiteCountry "USA"]
[BlackCountry "ENG"]
[WhiteElo "2302"]
[WhiteRD "68"]
[BlackElo "1749"]
[BlackRD "88"]
[GameID "431422"]

1. d4 d5 2. Nc3 Nf6 3. e4 dxe4 4. f3 exf3 5. Nxf3 e6 6. Bg5 Be7 7. Bd3 O-O 8. Qe2 Nc6 9. Rd1 Nb4 10. Bc4 Nbd5
11. O-O c6 12. Bd3 b6 13. Ne5 Nxc3 14. bxc3 Bb7 15. Qf3 Rb8 16. Qh3 g6 17. Rde1 c5 18. Qh4 Qd5 19. Re2 cxd4 20. Bxf6 Bxf6
21. Rxf6 dxc3 22. Nxf7 Rxf7 23. Rxf7 Kxf7 24. Qxh7+ Kf6 25. Rf2+ Ke5 26. Qc7+ Kd4 27. Rf4+ Ke3 28. Rf3+ Kd2 29. Qf4+ Kd1 30. Rf1#
1-0

[Event "Blackmar-Diemer Gambit Thematic #3"]
[Site "SchemingMind.com"]
[Date "2018.08.20"]
[Round "-"]
[White "flyinduck"]
[Black "Johnny Owens"]
[Result "0-1"]
[WhiteCountry "CAN"]
[BlackCountry "USA"]
[WhiteElo "2023"]
[WhiteRD "52"]
[BlackElo "2311"]
[BlackRD "65"]
[GameID "431423"]

1. d4 d5 2. Nc3 Nf6 3. e4 dxe4 4. f3 exf3 5. Nxf3 Bg4 6. h3 Bxf3 7. Qxf3 c6 8. Be3 e6 9. Bc4 Bb4 10. O-O Nbd7
11. Ne4 O-O 12. Ng5 h6 13. Nxf7 Kxf7 14. c3 Nb6 15. Bb3 Bd6 16. Rae1 Nd5 17. Bc1 Bc7 18. c4 Nb4 19. a3 Qxd4+ 20. Be3 Qe5
21. axb4 Qh2+ 22. Kf2 Kg8 23. Ke2 Qe5
0-1

[Event "Blackmar-Diemer Gambit Thematic #3"]
[Site "SchemingMind.com"]
[Date "2018.08.20"]
[Round "-"]
[White "Johnny Owens"]
[Black "flyinduck"]
[Result "1-0"]
[WhiteCountry "USA"]
[BlackCountry "CAN"]
[WhiteElo "2302"]
[WhiteRD "68"]
[BlackElo "1993"]
[BlackRD "51"]
[GameID "431424"]

1. d4 d5 2. Nc3 Nf6 3. e4 dxe4 4. f3 exf3 5. Nxf3 Bf5 6. Ne5 e6 7. g4 Be4 8. Nxe4 Nxe4 9. Qd3 Qh4+ 10. Ke2 Nd6
11. Bg2 Nd7 12. Nxd7 Kxd7 13. h3 Rd8 14. c4 c6 15. c5 Nb5 16. a4 Nc7 17. Rf1 f6 18. Bf4 Nd5 19. Bxd5 exd5 20. Qf5+ Ke8
21. Ra3 Rd7 22. Re3+ Kd8 23. Re1 g6 24. Qe6 Be7 25. b4 f5 26. Qe5
1-0

[Event "Blackmar-Diemer Gambit Thematic #3"]
[Site "SchemingMind.com"]
[Date "2018.08.20"]
[Round "-"]
[White "Marc Wakeham"]
[Black "Geoffrey Rosser"]
[Result "0-1"]
[WhiteCountry "WLS"]
[BlackCountry "ENG"]
[WhiteElo "1633"]
[WhiteRD "80"]
[BlackElo "1905"]
[BlackRD "67"]
[GameID "431512"]

1. d4 d5 2. Nc3 Nf6 3. e4 dxe4 4. f3 exf3 5. Nxf3 Bg4 6. h3 Bf5 7. g4 Bg6 8. Ne5 Nc6 9. Nxg6 hxg6 10. Be3 Nd5
11. Nxd5 Qxd5 12. Rh2 O-O-O 13. Qd2 Nxd4 14. Bxd4 Qxd4 15. O-O-O Qxd2+ 16. Rdxd2 Rxd2 17. Rxd2 e5 18. Bg2 Be7 19. Rf2 Bg5+ 20. Kb1 Rd8
21. c3 Rd2 22. Rxd2 Bxd2 23. Bd5 f5 24. gxf5 gxf5 25. Kc2 Bh6 26. Kd3 Kd7 27. Bf7 Ke7 28. Bh5 Kf6 29. b4 Kg5 30. Be2 Kh4
31. Bf1 Kg3 32. Ke2 e4 33. a4 f4 34. c4 e3 35. c5 f3+
0-1

[Event "Blackmar-Diemer Gambit Thematic #3"]
[Site "SchemingMind.com"]
[Date "2018.08.19"]
[Round "-"]
[White "Geoffrey Rosser"]
[Black "Marc Wakeham"]
[Result "1-0"]
[WhiteCountry "ENG"]
[BlackCountry "WLS"]
[WhiteElo "1905"]
[WhiteRD "67"]
[BlackElo "1633"]
[BlackRD "80"]
[GameID "431513"]

1. d4 d5 2. Nc3 Nf6 3. e4 dxe4 4. f3 exf3 5. Nxf3 Bg4 6. Be2 g6 7. O-O Bg7 8. Bf4 O-O 9. Qd2 c6 10. Rad1 Nbd7
11. Bh6 Re8 12. Bxg7 Kxg7 13. h3 Be6 14. Ng5 Nf8 15. Nce4 Nxe4 16. Nxe4 Nd7 17. Rf4 Bd5 18. Rh4 Rh8 19. Qh6+ Kg8 20. Ng5 Qf8
21. c4 Qxh6 22. Rxh6 Be6 23. Nxe6 fxe6 24. Bg4 Nf8 25. Rh4 h6 26. Bf3 g5 27. Re4 Rh7 28. Bg4 Kf7 29. Rf1+ Ke8 30. Bxe6 Nxe6
31. Rxe6 Kd7 32. Re5 Re8 33. d5 cxd5 34. Rxd5+ Kc6 35. b4 e6 36. Rc5+ Kb6 37. a4 a6 38. a5+ Ka7 39. Re5 Rc8 40. c5 Rc6
41. Rf6 h5 42. Rxg5
1-0

[Event "Blackmar-Diemer Gambit Thematic #3"]
[Site "SchemingMind.com"]
[Date "2018.08.20"]
[Round "-"]
[White "Geoffrey Rosser"]
[Black "private napoleon"]
[Result "1-0"]
[WhiteCountry "ENG"]
[BlackCountry "ENG"]
[WhiteElo "1870"]
[WhiteRD "64"]
[BlackElo "1751"]
[BlackRD "83"]
[GameID "431514"]

1. d4 d5 2. Nc3 Nf6 3. e4 dxe4 4. f3 exf3 5. Nxf3 e6 6. Bc4 Be7 7. O-O O-O 8. Bg5 Nbd7 9. Ne2 b6 10. Nf4 Nb8
11. c3 c5 12. d5 exd5 13. Nxd5 Bb7 14. Nxe7+ Qxe7 15. Re1 Qc7 16. Ne5 Nc6 17. Bxf6 gxf6 18. Nd7 Rfd8 19. Qg4+ Kh8 20. Nxf6 Ne5
21. Qh5 Kg7 22. Rxe5 h6 23. Qg4+ Kh8 24. Rh5
1-0

[Event "Blackmar-Diemer Gambit Thematic #3"]
[Site "SchemingMind.com"]
[Date "2018.08.24"]
[Round "-"]
[White "private napoleon"]
[Black "Geoffrey Rosser"]
[Result "1/2-1/2"]
[WhiteCountry "ENG"]
[BlackCountry "ENG"]
[WhiteElo "1751"]
[WhiteRD "83"]
[BlackElo "1870"]
[BlackRD "64"]
[GameID "431515"]

1. d4 d5 2. Nc3 Nf6 3. e4 dxe4 4. f3 e5 5. dxe5 Nfd7 6. f4 Bb4 7. Bd2 Bxc3 8. Bxc3 O-O 9. Qd4 f5 10. O-O-O Nc6
11. Bc4+ Kh8 12. Qe3 Qe7 13. Ne2 Nb6 14. Bb3 Be6 15. Bxe6 Qxe6 16. Kb1 Nd5 17. Qg3 Ndb4 18. b3 a5 19. Bxb4 axb4 20. Nc1 Ne7
21. Rd4 Nc6 22. Rd2 Ra3 23. Rhd1 Raa8 24. Rd7 Rf7 25. Rxf7 Qxf7 26. Qe3 Qe7 27. g4 g6 28. gxf5 gxf5 29. Qh3 Qf7 30. Qe3 Qe7
31. Ne2 Rd8 32. Rxd8+ Qxd8 33. Kb2 b6 34. Qh3 Nd4 35. Nxd4 Qxd4+ 36. Kb1 Qd1+=
1/2-1/2

[Event "Blackmar-Diemer Gambit Thematic #3"]
[Site "SchemingMind.com"]
[Date "2018.08.20"]
[Round "-"]
[White "Geoffrey Rosser"]
[Black "flyinduck"]
[Result "0-1"]
[WhiteCountry "ENG"]
[BlackCountry "CAN"]
[WhiteElo "1905"]
[WhiteRD "67"]
[BlackElo "2024"]
[BlackRD "53"]
[GameID "431516"]

1. d4 d5 2. Nc3 Nf6 3. e4 dxe4 4. f3 exf3 5. Nxf3 Bg4 6. Be2 e6 7. O-O c6 8. Bg5 Nbd7 9. Ne5 Bxe2 10. Qxe2 Be7
11. Ne4 Nxe5 12. Nxf6+ gxf6 13. Bxf6 Bxf6 14. dxe5 Qd4+
0-1

[Event "Blackmar-Diemer Gambit Thematic #3"]
[Site "SchemingMind.com"]
[Date "2018.08.20"]
[Round "-"]
[White "flyinduck"]
[Black "Geoffrey Rosser"]
[Result "1-0"]
[WhiteCountry "CAN"]
[BlackCountry "ENG"]
[WhiteElo "2024"]
[WhiteRD "53"]
[BlackElo "1905"]
[BlackRD "67"]
[GameID "431517"]

1. d4 d5 2. Nc3 Nf6 3. e4 dxe4 4. f3 Nc6 5. Bb5 Bd7 6. fxe4 e5 7. Nf3 Qe7 8. d5 Nb8 9. Bd3 Bg4 10. O-O Nbd7
11. Bg5 h6 12. Bh4 a6 13. h3 Bh5 14. Bg3 Nc5 15. Qe1 Nxd3 16. cxd3 Nd7 17. Nh4 O-O-O 18. Rc1 Nc5 19. Nf5 Qd7 20. Qe3 f6
21. b4 b6 22. bxc5 Bxc5 23. d4 exd4 24. Nxd4 Rhe8 25. Bf2 Bg6 26. Qe2 Bxe4 27. Qxa6+ Kb8 28. Nc6+
1-0

[Event "Blackmar-Diemer Gambit Thematic #3"]
[Site "SchemingMind.com"]
[Date "2018.08.20"]
[Round "-"]
[White "Geoffrey Rosser"]
[Black "Johnny Owens"]
[Result "0-1"]
[WhiteCountry "ENG"]
[BlackCountry "USA"]
[WhiteElo "1870"]
[WhiteRD "64"]
[BlackElo "2311"]
[BlackRD "65"]
[GameID "431518"]

1. d4 d5 2. Nc3 Nf6 3. e4 dxe4 4. f3 exf3 5. Nxf3 Bg4 6. Be2 e6 7. O-O Nc6 8. Be3 Be7 9. a3 O-O 10. Qd2 Bf5
11. Rad1 h6 12. Bd3 Bxd3 13. Qxd3 Qd7 14. d5 exd5 15. Nxd5 Qxd5 16. Qxd5 Nxd5 17. Rxd5 Rad8 18. Rfd1 Rxd5 19. Rxd5 f6 20. Nd4 Nxd4
21. Bxd4 Kf7 22. Rd7 Rd8 23. Rxd8 Bxd8 24. Bxa7 b6 25. c4 Ke7 26. a4 Kd6 27. a5 bxa5 28. Bd4 a4 29. Kf2 c5 30. Bc3 Bc7
31. g4 Ke6 32. h3 Be5 33. Bxe5 Kxe5 34. Ke3 f5 35. gxf5 Kxf5 36. h4 g5 37. hxg5 hxg5 38. Kf3 g4+
0-1

[Event "Blackmar-Diemer Gambit Thematic #3"]
[Site "SchemingMind.com"]
[Date "2018.08.20"]
[Round "-"]
[White "Johnny Owens"]
[Black "Geoffrey Rosser"]
[Result "1-0"]
[WhiteCountry "USA"]
[BlackCountry "ENG"]
[WhiteElo "2311"]
[WhiteRD "65"]
[BlackElo "1870"]
[BlackRD "64"]
[GameID "431519"]

1. d4 d5 2. Nc3 Nf6 3. e4 dxe4 4. f3 e5 5. dxe5 Qxd1+ 6. Kxd1 Nfd7 7. Nd5 Kd8 8. Bg5+ f6 9. exf6 gxf6 10. Nxf6 Be7
11. Nxe4 Bxg5 12. Nxg5 Ke7 13. Kd2 h6 14. Re1+ Kf6 15. Ne6 Nc6 16. Nxc7 Rb8 17. Ne2 Nb6 18. Nf4 Rd8+ 19. Kc1 Bf5 20. g4 Bd7
21. Re4 Rbc8 22. Nb5 Be8 23. Re6+ Kg7 24. Nd6 Rxd6 25. Rxd6 Bf7 26. Nh5+ Kh7 27. Bd3+ Kh8 28. Rxh6+ Kg8 29. Bh7+ Kf8 30. Bf5 Rd8
31. Rh8+ Ke7 32. Rh7 Rf8 33. Rd1 Ne5 34. f4 Nc6 35. g5 Ke8 36. Ng7+ Ke7 37. Ne6
1-0

[Event "Blackmar-Diemer Gambit Thematic #3"]
[Site "SchemingMind.com"]
[Date "2018.08.23"]
[Round "-"]
[White "Marc Wakeham"]
[Black "Glenn O'Brien"]
[Result "0-1"]
[WhiteCountry "WLS"]
[BlackCountry "AUS"]
[WhiteElo "1633"]
[WhiteRD "80"]
[BlackElo "1948"]
[BlackRD "76"]
[GameID "431682"]

1. d4 d5 2. Nc3 Nf6 3. e4 dxe4 4. f3 exf3 5. Nxf3 Bg4 6. h3 h5 7. Be2 Bxf3 8. Bxf3 Nc6 9. Be3 e6 10. Bg5 Nxd4
11. O-O Bc5 12. Kh1 Nf5 13. Qe1 h4 14. Kh2 Qd6+ 15. Kh1 Ng3+
0-1

[Event "Blackmar-Diemer Gambit Thematic #3"]
[Site "SchemingMind.com"]
[Date "2018.08.23"]
[Round "-"]
[White "Glenn O'Brien"]
[Black "Marc Wakeham"]
[Result "1-0"]
[WhiteCountry "AUS"]
[BlackCountry "WLS"]
[WhiteElo "1908"]
[WhiteRD "73"]
[BlackElo "1673"]
[BlackRD "85"]
[GameID "431683"]

1. d4 d5 2. Nc3 Nf6 3. e4 dxe4 4. f3 exf3 5. Nxf3 Bg4 6. h3 Bh5 7. g4 Bg6 8. Ne5 Be4 9. Nxe4 Nxe4 10. Qf3 Nf6
11. Qxb7 Nbd7 12. Bb5 Rc8 13. Nc6
1-0

[Event "Blackmar-Diemer Gambit Thematic #3"]
[Site "SchemingMind.com"]
[Date "2018.08.24"]
[Round "-"]
[White "Glenn O'Brien"]
[Black "Geoffrey Rosser"]
[Result "1-0"]
[WhiteCountry "AUS"]
[BlackCountry "ENG"]
[WhiteElo "1948"]
[WhiteRD "76"]
[BlackElo "1905"]
[BlackRD "67"]
[GameID "431684"]

1. d4 d5 2. Nc3 Nf6 3. e4 dxe4 4. f3 Nc6 5. d5 Ne5 6. fxe4 Bg4 7. Qd4 Nfd7 8. h3 c5 9. Qa4 Bh5 10. Be2 e6
11. dxe6 Qh4+ 12. g3 Qxg3+ 13. Kf1 Nf3 14. Qxd7#
1-0

[Event "Blackmar-Diemer Gambit Thematic #3"]
[Site "SchemingMind.com"]
[Date "2018.08.23"]
[Round "-"]
[White "Geoffrey Rosser"]
[Black "Glenn O'Brien"]
[Result "0-1"]
[WhiteCountry "ENG"]
[BlackCountry "AUS"]
[WhiteElo "1870"]
[WhiteRD "64"]
[BlackElo "1986"]
[BlackRD "73"]
[GameID "431685"]

1. d4 d5 2. Nc3 Nf6 3. e4 dxe4 4. f3 exf3 5. Nxf3 Bg4 6. Be2 e6 7. O-O Be7 8. Bg5 O-O 9. Bxf6 gxf6 10. Ne4 Nc6
11. c3 f5 12. Ng3 Bh4 13. Nxh4 Qxh4 14. Bxg4 Qxg4 15. Qxg4+ fxg4 16. Rf6 Ne7 17. Re1 Nd5 18. Rh6 Kh8 19. Nh5 Rad8 20. c4 Ne7
21. d5 Ng8 22. dxe6 Rfe8 23. e7 Rd7 24. Nf6 Nxf6 25. Rxf6 Rexe7 26. Rxe7 Rxe7 27. Kf2 Kg7 28. Rf4 h5 29. b4 Kg6 30. a4 f5
31. a5 Re4 32. Rxe4 fxe4 33. b5 Kf5 34. c5 Ke5 35. b6 cxb6 36. cxb6 axb6 37. axb6 Kd4 38. Ke2 e3 39. h3 gxh3 40. gxh3 Ke4
41. h4 Kf4 42. Ke1 Kg3 43. Ke2 Kxh4 44. Kxe3 Kg3 45. Kd4 h4 46. Kd5 h3 47. Kd6 h2 48. Kc7 h1=Q
0-1

[Event "Blackmar-Diemer Gambit Thematic #3"]
[Site "SchemingMind.com"]
[Date "2018.08.26"]
[Round "-"]
[White "Glenn O'Brien"]
[Black "private napoleon"]
[Result "1-0"]
[WhiteCountry "AUS"]
[BlackCountry "ENG"]
[WhiteElo "1986"]
[WhiteRD "73"]
[BlackElo "1751"]
[BlackRD "83"]
[GameID "431686"]

1. d4 d5 2. Nc3 Nf6 3. e4 dxe4 4. f3 exf3 5. Nxf3 e6 6. Bg5 Be7 7. Bd3 Nbd7 8. O-O O-O 9. Qe1 c5 10. Qh4 cxd4
11. Ne4 Nd5 12. Nxd4 h6 13. Bxe7 Qxe7 14. Qxe7 Nxe7 15. Rae1 b6 16. Nd6 Nc5 17. b4 Nxd3 18. cxd3 Bd7 19. Nf3 Nd5 20. Ne5 Ba4
21. Nexf7 Bc2 22. d4 Bg6 23. Ne5 Bf5 24. a3 a5 25. bxa5 Rxa5 26. g4 Bh7 27. Rxf8+ Kxf8 28. Nec4 Ra4 29. Rxe6 Ne7 30. h3 b5
31. Nb6
1-0

[Event "Blackmar-Diemer Gambit Thematic #3"]
[Site "SchemingMind.com"]
[Date "2018.08.25"]
[Round "-"]
[White "private napoleon"]
[Black "Glenn O'Brien"]
[Result "0-1"]
[WhiteCountry "ENG"]
[BlackCountry "AUS"]
[WhiteElo "1751"]
[WhiteRD "83"]
[BlackElo "1986"]
[BlackRD "73"]
[GameID "431687"]

1. d4 d5 2. Nc3 Nf6 3. e4 dxe4 4. f3 exf3 5. Nxf3 Bg4 6. h3 Bh5 7. g4 Bg6 8. Ne5 e6 9. Bg2 c6 10. Bg5 Nbd7
11. Qf3 Bxc2 12. O-O Be7 13. Nxd7 Qxd7 14. Bxf6 Bxf6 15. Kh1 Bxd4 16. Rac1 Bg6 17. Rcd1 O-O 18. Ne2 e5 19. h4 f6 20. h5 Bf7
21. Ng3 Bd5 22. Ne4 Bxb2 23. h6 Bd4 24. hxg7 Qxg7 25. Nxf6+ Kh8 26. Rxd4 Bxf3
0-1

[Event "Blackmar-Diemer Gambit Thematic #3"]
[Site "SchemingMind.com"]
[Date "2018.08.26"]
[Round "-"]
[White "Glenn O'Brien"]
[Black "flyinduck"]
[Result "1-0"]
[WhiteCountry "AUS"]
[BlackCountry "CAN"]
[WhiteElo "1948"]
[WhiteRD "76"]
[BlackElo "2024"]
[BlackRD "53"]
[GameID "431688"]

1. d4 d5 2. Nc3 Nf6 3. e4 dxe4 4. f3 exf3 5. Nxf3 Bg4 6. h3 Bh5 7. g4 Bg6 8. Ne5 e6 9. Bg2 c6 10. h4 Bb4
11. Bg5 Qa5 12. Bd2 Bxc3 13. Bxc3 Qc7 14. Qe2 h5 15. Nxg6 fxg6 16. g5 Nd5 17. Qxe6+ Qe7 18. Qxe7+ Kxe7 19. Be4 Nd7 20. O-O Nxc3
21. bxc3 Raf8 22. Bxg6 Nb6 23. Rxf8 Rxf8 24. Rf1 Rxf1+ 25. Kxf1 Nd5 26. c4 Nf4 27. Be4 b5 28. cxb5 cxb5 29. Kf2
1-0

[Event "Blackmar-Diemer Gambit Thematic #3"]
[Site "SchemingMind.com"]
[Date "2018.08.25"]
[Round "-"]
[White "flyinduck"]
[Black "Glenn O'Brien"]
[Result "1-0"]
[WhiteCountry "CAN"]
[BlackCountry "AUS"]
[WhiteElo "1993"]
[WhiteRD "51"]
[BlackElo "1976"]
[BlackRD "71"]
[GameID "431689"]

1. d4 d5 2. Nc3 Nf6 3. e4 dxe4 4. f3 exf3 5. Nxf3 Bg4 6. h3 Bh5 7. g4 Bg6 8. Ne5 e6 9. Bg2 c6 10. O-O Nbd7
11. Nxg6 hxg6 12. Bf4 Nb6 13. Be5 Nc4 14. Qe2 Nxb2 15. Rab1 Ba3 16. Rf3 O-O 17. Ne4 Nxe4 18. Rxa3 Nc4 19. Qxc4 Nd2 20. Qb4 Nxb1
21. Qxb1 f6 22. Bg3 Qxd4+ 23. Kh2 Rf7 24. c3 Qc5 25. Rb3 Rd8 26. Rxb7 Rxb7 27. Qxb7 e5 28. Qxc6 Qxc6 29. Bxc6 Rd2+ 30. Kg1 Rd3
31. Be1 Rxh3 32. c4 Kh7 33. Bd5 e4 34. c5 Rd3 35. Bb7 e3 36. c6 Rd1 37. Kf1 Rc1 38. Ke2 g5 39. Bg3 g6 40. c7 f5
41. c8=Q Rxc8 42. Bxc8 f4 43. Be1 Kg7 44. Bc3+ Kf7 45. Kf3 Ke7 46. Ba6 Kf7 47. Bd3 Ke6 48. Bxg6 Ke7 49. Bd3 Kf7 50. Be5 Ke7
51. Bc4 a5 52. a4 Kd7 53. Bf6 Kd6 54. Bxg5
1-0

[Event "Blackmar-Diemer Gambit Thematic #3"]
[Site "SchemingMind.com"]
[Date "2018.08.24"]
[Round "-"]
[White "Glenn O'Brien"]
[Black "Johnny Owens"]
[Result "1/2-1/2"]
[WhiteCountry "AUS"]
[BlackCountry "USA"]
[WhiteElo "1986"]
[WhiteRD "73"]
[BlackElo "2311"]
[BlackRD "65"]
[GameID "431690"]

1. d4 d5 2. Nc3 Nf6 3. e4 dxe4 4. f3 exf3 5. Nxf3 Bg4 6. h3 Bxf3 7. Qxf3 c6 8. Be3 e6 9. Bd3 Nbd7 10. O-O b6
11. Be4 Bb4 12. Bxc6 Rc8 13. Bb7 Bxc3 14. Bxc8 Qxc8 15. bxc3 O-O 16. Bf4 Qc4 17. g4 h6 18. a4 Rc8 19. Bd2 e5 20. dxe5 Nxe5
21. Qf4 Qd5 22. Rae1 Nfd7 23. Qd4 Nf3+ 24. Rxf3 Qxf3 25. Qxd7 Qg3+=
1/2-1/2

[Event "Blackmar-Diemer Gambit Thematic #3"]
[Site "SchemingMind.com"]
[Date "2018.08.23"]
[Round "-"]
[White "Johnny Owens"]
[Black "Glenn O'Brien"]
[Result "1-0"]
[WhiteCountry "USA"]
[BlackCountry "AUS"]
[WhiteElo "2311"]
[WhiteRD "65"]
[BlackElo "1986"]
[BlackRD "73"]
[GameID "431691"]

1. d4 d5 2. Nc3 Nf6 3. e4 dxe4 4. f3 exf3 5. Nxf3 Bg4 6. h3 Bh5 7. g4 Bg6 8. Ne5 e6 9. Qf3 c6 10. g5 Nd5
11. Bd3 Nd7 12. Nxg6 hxg6 13. O-O Qe7 14. Nxd5 cxd5 15. Bd2 Rc8 16. Rae1 Rc6 17. Rf2 Rb6 18. b3 Rg8 19. Kf1 f5 20. c4 dxc4
21. Bxc4 Rh8 22. Rfe2 Kd8 23. Rxe6 Rxe6 24. Rxe6 Qa3 25. Qd5 Be7 26. Bb5
1-0